| 000 | 01011nam a22002417a 4500 | ||
|---|---|---|---|
| 003 | OSt | ||
| 005 | 20250904150046.0 | ||
| 008 | 240422b ||||| |||| 00| 0 eng d | ||
| 040 | _c0 | ||
| 082 | _aDPer 621.317 Ie21 November 2022 v. 37 n. 11 | ||
| 100 |
_aJiang, Shan. _eauthor. _956475 |
||
| 245 |
_aSettling-angle-based stability analysis for multiple current-controlled converters / _cShan Jiang, Ye Zhu, and Georgios Konstantinou. |
||
| 260 |
_aNew York ; _bThe Institute of Electrical and Electronics Engineers, Inc. , _cNovember 2022. |
||
| 300 |
_aVolume 37, pages 12992-12997 : _billustration ; _c28 cm. |
||
| 500 | _aIEEE Transactions on Power Electronics, v. 37, n. 11, pages 12992-12997, November 2022. | ||
| 650 | 0 |
_aAdmittance. _967143 |
|
| 650 | 0 |
_aPower system stability. _965754 |
|
| 650 | 0 |
_aGeneralized Nyquist criterion. _967144 |
|
| 700 |
_aJiang, Shan. _eauthor. _956475 |
||
| 700 |
_aZhu, Ye. _eauthor. _956476 |
||
| 700 |
_aKonstantinou, Georgios. _eauthor. _956477 |
||
| 942 |
_2ddc _cPER |
||
| 999 |
_c20117 _d20117 |
||